[Event "Budapest Farago Memorial"]
[Site "Budapest"]
[Date "2024.12.06"]
[Round "9"]
[White "Pap, Misa"]
[Black "Kalosha, Zhiulien Oleksii"]
[Result "1-0"]
[WhiteElo "2401"]
[BlackElo "2306"]
[PlyCount "83"]
[EventDate "2024.11.29"]
[EventType "tourn"]
[EventRounds "9"]
[EventCountry "HUN"]
[EventCategory "6"]
[SourceTitle "CB50_2024"]
[SourceDate "2024.11.01"]
[SourceVersion "1"]
[SourceVersionDate "2024.11.01"]
[SourceQuality "2"]

1. e4 e5 2. Nf3 Nc6 3. Bb5 a6 4. Ba4 Nf6 5. 0-0 Nxe4 6. d4 b5 7. Bb3 d5 8. dxe5 Be6 9. Nbd2 Nc5 10. c3 d4 11. Bxe6 Nxe6 12. cxd4 Ncxd4 13. a4 Bb4 14. axb5 Nxb5 15. Qb3 c5 16. Nc4 0-0 17. Be3 Qc7 18. Rfd1 Rfd8 19. Ng5 Nxg5 20. Bxg5 Rd4 21. Be3 Rxd1+ 22. Rxd1 Rd8 23. f4 Rd7 24. Qa4 Qd8 25. Rf1 Nc7 26. f5 Rd3 27. Qc6 Rd1 28. Nd6 Rxf1+ 29. Kxf1 Qh4 30. g3 Qxh2 31. Bf2 Ba5 32. Nc4 Bb4 33. Qxc7 Qh1+ 34. Ke2 Qh5+ 35. Ke3 Qg5+ 36. Ke4 Qg4+ 37. Kd5 Qf3+ 38. Kd6 h6 39. Bxc5 Qd3+ 40. Ke7 Qxc4 41. Qb8+ Kh7 42. Qxb4 1-0

[Event "Budapest Farago Memorial"]
[Site "Budapest"]
[Date "2024.12.04"]
[Round "7"]
[White "Berczes, David"]
[Black "Kalosha, Zhiulien Oleksii"]
[Result "1/2-1/2"]
[WhiteElo "2413"]
[BlackElo "2306"]
[PlyCount "120"]
[EventDate "2024.11.29"]
[EventType "tourn"]
[EventRounds "9"]
[EventCountry "HUN"]
[EventCategory "6"]
[SourceTitle "CB50_2024"]
[SourceDate "2024.11.01"]
[SourceVersion "1"]
[SourceVersionDate "2024.11.01"]
[SourceQuality "2"]

1. e4 c5 2. Nf3 e6 3. d4 cxd4 4. Nxd4 a6 5. c4 Nf6 6. Nc3 Qc7 7. Be2 Bb4 8. Nc2 Be7 9. f4 d6 10. 0-0 0-0 11. Qd3 Nbd7 12. b4 b6 13. Bb2 Bb7 14. Rac1 Rac8 15. Nd4 Rfd8 16. f5 e5 17. Nd5 Nxd5 18. cxd5 Qb8 19. Nc6 Bxc6 20. Rxc6 b5 21. a4 Rxc6 22. dxc6 Qb6+ 23. Kh1 Qxc6 24. axb5 axb5 25. Qxb5 Qc2 26. Bc1 Qxe4 27. Bf3 Qd4 28. Rd1 Qc3 29. Qb7 Qc2 30. Qe4 Qb3 31. Be2 Rb8 32. b5 Nc5 33. Qc4 Qxc4 34. Bxc4 Ne4 35. Be3 Nc3 36. Rc1 d5 37. Rxc3 dxc4 38. b6 Rc8 39. g4 f6 40. Kg2 Bb4 41. Rc2 c3 42. Kf3 Rb8 43. Ra2 Be7 44. Ra7 Bd8 45. b7 c2 46. Ra8 Bc7 47. Ke4 Kf7 48. Rxb8 Bxb8 49. Kd3 Ke7 50. Bc5+ Kd7 51. Kxc2 g6 52. Kd3 gxf5 53. gxf5 Kc6 54. Be7 Kxb7 55. Ke4 Kc6 56. Bxf6 Kd7 57. Bxe5 Ba7 58. Kd5 Ke7 59. Ke4 Kf7 60. Kf4 Bc5 1/2-1/2

[Event "Budapest Farago Memorial"]
[Site "Budapest"]
[Date "2024.12.01"]
[Round "3"]
[White "Kalosha, Zhiulien Oleksii"]
[Black "Palczert, Matyas"]
[Result "1/2-1/2"]
[WhiteElo "2306"]
[BlackElo "2359"]
[PlyCount "116"]
[EventDate "2024.11.29"]
[EventType "tourn"]
[EventRounds "9"]
[EventCountry "HUN"]
[EventCategory "6"]
[SourceTitle "CB50_2024"]
[SourceDate "2024.11.01"]
[SourceVersion "1"]
[SourceVersionDate "2024.11.01"]
[SourceQuality "2"]

1. e4 e5 2. Nf3 Nc6 3. Bc4 Nf6 4. d3 Be7 5. 0-0 0-0 6. Re1 d6 7. a4 Be6 8. Bxe6 fxe6 9. c3 a5 10. Nbd2 Kh8 11. Nf1 Nd7 12. Ng3 Qe8 13. Be3 Qf7 14. Qe2 Bf6 15. Ng5 Bxg5 16. Bxg5 Ne7 17. d4 Ng6 18. dxe5 Ndxe5 19. Nh5 h6 20. Be3 Nh4 21. Ng3 Nhg6 22. Nh5 Nh4 23. Ng3 g5 24. Bd4 Nhg6 25. f3 Kh7 26. Bxe5 Nxe5 27. Nf1 Rg8 28. Ne3 Raf8 29. Rf1 Qg6 30. Nc4 Nxc4 31. Qxc4 Rf7 32. b4 axb4 33. cxb4 Rgf8 34. Qe2 Qg7 35. Qe3 g4 36. fxg4 Rxf1+ 37. Rxf1 Rxf1+ 38. Kxf1 Qa1+ 39. Qe1 Qxa4 40. Qc3 Qd7 41. Kf2 Qg7 42. Qc4 Qf7+ 43. Ke2 c6 44. Qd3 Qg6 45. Qxd6 Qxe4+ 46. Kf2 Kg6 47. h3 Qd5 48. Qe7 Qd4+ 49. Ke2 Qe4+ 50. Kf1 b5 51. Qe8+ Kg7 52. Qd7+ Kg6 53. Qd6 Qd5 54. Qf8 e5 55. Qf5+ Kg7 56. g5 Qd1+ 57. Kf2 Qd2+ 58. Kf3 Qd5+ 1/2-1/2

[Event "Montesilvano Adriatico op 28th"]
[Site "Montesilvano"]
[Date "2024.09.13"]
[Round "7"]
[White "Kalosha, Zhiulien Oleksii"]
[Black "Kovacevic, Blazimir"]
[Result "1/2-1/2"]
[WhiteElo "2232"]
[BlackElo "2376"]
[PlyCount "80"]
[EventDate "2024.09.08"]
[EventType "swiss"]
[EventRounds "9"]
[EventCountry "ITA"]
[SourceTitle "EXT 2025"]
[Source "ChessBase"]
[SourceDate "2024.10.14"]
[SourceVersion "1"]
[SourceVersionDate "2024.10.14"]
[SourceQuality "1"]

1. e4 c6 2. d4 d5 3. Nc3 g6 4. h3 dxe4 5. Nxe4 Bg7 6. Nf3 Nf6 7. Nxf6+ exf6 8. Bc4 0-0 9. 0-0 Nd7 10. Bf4 b5 11. Bb3 Nb6 12. Qd2 a5 13. a3 a4 14. Ba2 Bf5 15. Rfe1 Qd7 16. Re2 Rfe8 17. Rae1 Rxe2 18. Qxe2 g5 19. Bg3 Bf8 20. c3 Bg6 21. Nd2 Kg7 22. h4 h6 23. Nf1 Nd5 24. Ne3 Nxe3 25. Qxe3 Rd8 26. f3 Qc8 27. Bf2 Bd6 28. d5 c5 29. c4 Qb8 30. Qd2 Rd7 31. Qc1 b4 32. Bb1 Bxb1 33. Qxb1 bxa3 34. bxa3 Rb7 35. Qf5 Rb2 36. f4 gxf4 37. Qg4+ Kf8 38. Qf5 Kg7 39. Qg4+ Kf8 40. Qf5 Kg7 1/2-1/2

[Event "Lignano Bella Italia op 3rd"]
[Site "Lignano Sabbiadoro"]
[Date "2024.08.22"]
[Round "8"]
[White "Kaustuv, Kundu"]
[Black "Kalosha, Zhiulien Oleksii"]
[Result "1-0"]
[WhiteElo "2419"]
[BlackElo "2262"]
[PlyCount "99"]
[EventDate "2024.08.17"]
[EventType "swiss"]
[EventRounds "9"]
[EventCountry "ITA"]
[SourceTitle "CBM 221 Extra"]
[Source "ChessBase"]
[SourceDate "2024.09.30"]
[SourceVersion "1"]
[SourceVersionDate "2024.09.30"]
[SourceQuality "1"]

1. Nf3 Nf6 2. c4 c5 3. Nc3 d5 4. cxd5 Nxd5 5. e3 Nxc3 6. bxc3 g6 7. Qa4+ Nd7 8. Ba3 Qc7 9. Be2 Bg7 10. 0-0 0-0 11. d4 b6 12. Rac1 Bb7 13. Rfd1 a6 14. Qb3 e6 15. c4 Rfd8 16. Bb2 cxd4 17. exd4 Rac8 18. h3 e5 19. dxe5 Nxe5 20. Nd4 h5 21. Bf1 Nd7 22. Nc2 Nc5 23. Qa3 Bxb2 24. Qxb2 Ne6 25. Ne3 Rxd1 26. Rxd1 Rd8 27. Nd5 Bxd5 28. cxd5 Nc5 29. g3 Qd6 30. Bg2 Re8 31. Rb1 b5 32. Qd4 Nd7 33. Rc1 Ne5 34. Qf4 Rd8 35. Re1 Nc4 36. Qg5 Kg7 37. Qc1 h4 38. g4 Rd7 39. Qc3+ Qf6 40. Qb4 Rd6 41. a4 Qd4 42. Re4 Qxd5 43. axb5 axb5 44. Qc3+ Kh7 45. Rf4 Qe6 46. g5 Qe5 47. Rxc4 Rd1+ 48. Bf1 Qe2 49. Rxh4+ Kg8 50. Rh8# 1-0

[Event "Lignano Bella Italia op 3rd"]
[Site "Lignano Sabbiadoro"]
[Date "2024.08.17"]
[Round "1"]
[White "Pedoni, Lorenzo"]
[Black "Kalosha, Zhiulien Oleksii"]
[Result "0-1"]
[WhiteElo "2025"]
[BlackElo "2262"]
[PlyCount "78"]
[EventDate "2024.08.17"]
[EventType "swiss"]
[EventRounds "9"]
[EventCountry "ITA"]
[SourceTitle "CBM 221 Extra"]
[Source "ChessBase"]
[SourceDate "2024.09.30"]
[SourceVersion "1"]
[SourceVersionDate "2024.09.30"]
[SourceQuality "1"]

1. e4 c5 2. Nf3 e6 3. c4 Nc6 4. Nc3 Nd4 5. Bd3 Ne7 6. Nxd4 cxd4 7. Ne2 Nc6 8. 0-0 Be7 9. a3 d5 10. exd5 exd5 11. cxd5 Qxd5 12. Ng3 0-0 13. Qc2 g6 14. Bc4 Qd8 15. d3 Ne5 16. Ba2 Bd7 17. Bh6 Re8 18. Rae1 Bf6 19. Bf4 Rc8 20. Qd2 Be6 21. Bxe6 Rxe6 22. Ne4 Nc6 23. Rc1 Bg7 24. Nc5 Re7 25. Ne4 Qb6 26. Bg5 Re6 27. Nc5 Ree8 28. Nd7 Qc7 29. Nc5 f6 30. Bf4 Qf7 31. Ne4 Bf8 32. Bh6 Rcd8 33. Bxf8 Qxf8 34. Qf4 Kg7 35. Nc5 Qe7 36. h4 Rd5 37. Ne4 f5 38. Ng5 Qe5 39. Qf3 Qd6 0-1